Bright of the sky (Record no. 249007)

MARC details
000 -LEADER
fixed length control field 00458nam a2200181Ia 4500
008 - FIXED-LENGTH DATA ELEMENTS--GENERAL INFORMATION
fixed length control field 191130s2007##################000#0#eng##
020 ## - INTERNATIONAL STANDARD BOOK NUMBER
ISBN 9781591026013
082 ## - DEWEY DECIMAL CLASSIFICATION NUMBER
Classification number 813.6 KEN
100 ## - MAIN ENTRY--AUTHOR NAME
Personal name Kenyon, Kay
245 ## - TITLE STATEMENT
Title Bright of the sky
Statement of responsibility, etc Kay Kenyon
260 ## - PUBLICATION, DISTRIBUTION, ETC. (IMPRINT)
Place of publication Amherst, NY
Name of publisher Pyr
Year of publication 2007
300 ## - PHYSICAL DESCRIPTION
Number of Pages 453 p. ; 24 cm.
991 ## -
-- 316559
Holdings
Withdrawn status Lost status Damaged status Not for loan Home library Current library Date acquired Full call number Accession Number Price effective from Koha item type
        Anna Centenary Library Anna Centenary Library 13.10.2020 813.6 KEN 492650 13.10.2020 English Books

Find us on the map